| 000 | 00766nam a2200229Ia 4500 | ||
|---|---|---|---|
| 005 | 20250508164216.0 | ||
| 008 | 008 250505s9999 xx 000 0 eng d | ||
| 020 | _a1-85359-843-7 | ||
| 037 | _aReference | ||
| 040 |
_aFEDL _beng _cFEDL |
||
| 041 |
_aeng _2eng |
||
| 084 |
_a418, SER _qFEDL |
||
| 100 |
_aSercu Lies (et.al) _9777683 |
||
| 245 | 0 | _aForeign language teachers and intercultural competence : An international investigation | |
| 260 |
_aClevedon _bMultilingual Matters Ltd. _c2005 |
||
| 300 | _axi,219p. | ||
| 365 |
_aGBP _b24.95 |
||
| 490 | _aLanguages for intercultural communication and education 10 | ||
| 650 |
_aMulticultural education; Communicative competence _9777684 |
||
| 942 |
_cREF _h418, SER |
||
| 999 |
_c1387549 _d1387549 |
||